| 000 | 00882cam a2200277 a 4500 | ||
|---|---|---|---|
| 001 | 1137525 | ||
| 005 | 20180313055020.0 | ||
| 008 | 940720s1994 vau b 000 0 eng d | ||
| 010 | _a 94227605 | ||
| 020 | _a1565450426 | ||
| 035 | _a(OCoLC)30798140 | ||
| 040 |
_aMdU _cMdU _dDLC |
||
| 041 | _aeng | ||
| 042 | _alccopycat | ||
| 043 | _an-us--- | ||
| 080 | _a37 BOS | ||
| 082 | _a37 BOS | ||
| 100 | _a25 | ||
| 101 | _aEDU | ||
| 245 | 0 | 0 |
_aPerspectives on implementation : _cedited by Bruce O. Boston. |
| 504 | _aIncludes bibliographical references (p. 107-109). | ||
| 740 | 0 | _aArts education standards for America's students. | |
| 906 |
_a7 _bcbc _ccopycat _d3 _encip _f19 _gy-gencatlg |
||
| 942 |
_2ddc _cBK |
||
| 999 |
_c44877 _d44877 |
||